Where Did These 2022-2023 Players Play Before Joining Chelsea - Statistics

General Stats
  • This quiz has been taken 77 times
  • The average score is 37 of 53
Answer Stats
Player Nationality Position Year Joined Answer % Correct
Raheem Sterling England FW 2022 Manchester City
98%
Thiago Silva Brazil DF 2020 Paris Saint-Germain
98%
João Félix Portugal FW 2023 Atletico Madrid
96%
Romelu Lukaku Belgium FW 2011/2021 Anderlecht/Inter Milan
95%
Kalidou Koulibaly Senegal DF 2022 Napoli
95%
Pierre-Emerick Aubameyang Gabon FW 2022 Barcelona
93%
Hakim Ziyech Morocco FW 2020 Ajax
91%
Christian Pulisic USA FW 2019 Borussia Dortmund
91%
Marc Cucurella Spain DF 2022 Brighton & Hove Albion
91%
Ben Chilwell England DF 2020 Leicester City
89%
N'Golo Kanté France MF 2016 Leicester City
89%
Mateo Kovačić Croatia MF 2018 Real Madrid
89%
Kepa Arrizabalaga Spain GK 2018 Athletic Bilbao
88%
Kai Havertz Germany FW 2020 Bayer Leverkusen
88%
Wesley Fofana France DF 2022 Leicester City
88%
Enzo Fernández Argentina MF 2023 Benfica
86%
Mykhailo Mudryk Ukraine FW 2023 Shakhtar Donetsk
84%
Mason Mount England MF 2017 Chelsea(Academy)
82%
Reece James England DF 2018 Chelsea(Academy)
80%
Ruben Loftus-Cheek England MF 2014 Chelsea(Academy)
80%
Callum Hudson-Odoi England FW 2017 Chelsea(Academy)
80%
Trevoh Chalobah England DF 2018 Chelsea(Academy)
77%
Levi Colwill England DF 2021 Chelsea(Academy)
77%
Ian Maatsen Netherlands DF 2019 Chelsea(Academy)
77%
Conor Gallagher England MF 2019 Chelsea(Academy)
77%
Lewis Hall England MF 2021 Chelsea(Academy)
77%
Bashir Humphreys England DF 2023 Chelsea(Academy)
75%
Omari Hutchinson Jamaica MF 2023 Chelsea(Academy)
75%
Tino Anjorin England MF 2019 Chelsea(Academy)
75%
Benoît Badiashile France DF 2023 AS Monaco
73%
Henry Lawrence England DF 2021 Chelsea(Academy)
73%
Xavier Simons England MF 2021 Chelsea(Academy)
71%
Denis Zakaria Switzerland MF 2022 Juventus
71%
Sam McClelland Northern ireland DF 2022 Chelsea(Academy)
70%
Armando Broja Albania FW 2020 Chelsea(Academy)
68%
Tiémoué Bakayoko France MF 2017 AS Monaco
64%
Nathan Baxter England GK 2016 Chelsea(Academy)
64%
Jamie Cumming England GK 2018 Chelsea(Academy)
64%
Teddy Sharman-Lowe England GK 2020 Chelsea(Academy)
64%
Dujon Sterling England DF 2017 Chelsea(Academy)
64%
Malo Gusto France DF 2023 Olympique Lyonnais
64%
Edouard Mendy Senegal GK 2020 Rennes
64%
Noni Madueke England FW 2023 PSV Eindhoven
61%
Cesare Casadei Italy MF 2023 Chelsea(Academy)
59%
Carney Chukwuemeka England MF 2022 Aston Villa
48%
César Azpilicueta Spain DF 2012 Marseille
48%
Gabriel Slonina USA GK 2022 Chicago Fire
38%
Marcus Bettinelli England GK 2021 Fulham
38%
David Datro Fofana Ivory Coast FW 2023 Molde
20%
Malang Sarr France DF 2020 Nice
20%
Baba Rahman Ghana DF 2015 Augsburg
13%
Andrey Santos Brazil MF 2023 Vasco Da Gama
13%
Ethan Ampadu Wales DF 2017 Exeter City
9%
No matching quizzes found
Score Distribution
Percent of People with Each Score
Percentile by Number Answered
Your Score History
You have not taken this quiz